000 00501nam a22001697a 4500
999 _c7829
_d7829
003 OSt
005 20220317115000.0
008 220317b ||||| |||| 00| 0 eng d
040 _cDDC
082 _a306.2 MIG 2001
100 _aMigdal, Joel s
_915935
245 _aState in society
_b: studying how states and societies transform and constitute ne another
260 _aNewyork
_b: Cambridge university
_c, C 2001
300 _axi, 291p.
_c; 24 cm
504 _aBibliography Index
942 _2ddc
_cBOOK